<?xml version="1.0" encoding="UTF-8"?><?xml-stylesheet type="text/xsl" href="static/style.xsl"?><OAI-PMH xmlns="http://www.openarchives.org/OAI/2.0/" xmlns:xsi="http://www.w3.org/2001/XMLSchema-instance" xsi:schemaLocation="http://www.openarchives.org/OAI/2.0/ http://www.openarchives.org/OAI/2.0/OAI-PMH.xsd"><responseDate>2026-04-29T11:57:35Z</responseDate><request verb="GetRecord" identifier="oai:riubu.ubu.es:10259/4868" metadataPrefix="marc">https://riubu.ubu.es/oai/request</request><GetRecord><record><header><identifier>oai:riubu.ubu.es:10259/4868</identifier><datestamp>2022-04-26T11:42:10Z</datestamp><setSpec>com_10259_2699</setSpec><setSpec>col_10259_2701</setSpec></header><metadata><record xmlns="http://www.loc.gov/MARC21/slim" xmlns:doc="http://www.lyncode.com/xoai" xmlns:xsi="http://www.w3.org/2001/XMLSchema-instance" xmlns:dcterms="http://purl.org/dc/terms/" xsi:schemaLocation="http://www.loc.gov/MARC21/slim http://www.loc.gov/standards/marcxml/schema/MARC21slim.xsd">
<leader>00925njm 22002777a 4500</leader>
<datafield tag="042" ind1=" " ind2=" ">
<subfield code="a">dc</subfield>
</datafield>
<datafield tag="720" ind1=" " ind2=" ">
<subfield code="a">García Solaesa, Ángela</subfield>
<subfield code="e">author</subfield>
</datafield>
<datafield tag="260" ind1=" " ind2=" ">
<subfield code="c">2017</subfield>
</datafield>
<datafield tag="520" ind1=" " ind2=" ">
<subfield code="a">Los efectos saludables de los ácidos grasos poliinsaturados omega-3 (AGPI-n3), EPA y DHA, hacen que las industrias farmacéutica y alimentaria tengan un gran interés en la investigación y producción de estos concentrados. Monoglicéridos y diglicéridos de AGPI-n3 son altamente biodisponibles y estables a la oxidación lipídica. La reacción de glicerolisis catalizada por lipasas es la mejor alternativa para producir estos concentrados. Para solventar el problema de inmiscibilidad entre los sustratos, aceite de sardina y el glicerol, se han evaluado diferentes estrategias, como son el uso de tert-alcoholes, surfactantes, CO2 supercrítico y un proceso de pre-emulsificación de los sustratos. En relación al estado de oxidación lipídica, se ha comprobado que las lipasas inmovilizadas adsorben los productos de oxidación formados durante la reacción de glicerolisis. Además, también se ha optimizado un proceso de destilación molecular para fraccionar los productos de reacción y concentrar los MAG ricos en AGPI-n3.</subfield>
</datafield>
<datafield tag="520" ind1=" " ind2=" ">
<subfield code="a">Production of omega-3 polyunsaturated fatty acids (n-3 PUFA) concentrates is of great interest for pharmaceutical and food industries. It is well known that the main n-3 PUFA, EPA and DHA, have important health benefits. n-3 PUFA monoacylglycerides and diacylglycerides (n-3 MAG and DAG) present good bioavailability and oxidation stability. The lipase-catalyzed glycerolysis reaction is the best alternative to produce the n-3 MAG. The main drawback of this process is the immiscibility of the substrates. The use of tert-alcohols, surfactants, supercritical CO2 and a substrate emulsification process have been evaluated to improve the contact between sardine oil and glycerol to achieve high yields of the reaction products. Regarding oxidation state, immobilized commercial lipases have presented adsorption capacity of the oxidation products formed during the glycerolysis reaction. Furthermore, molecular distillation process has been also optimized to fractionate the reaction products and concentrate the MAG rich in n-3 PUFA.</subfield>
</datafield>
<datafield tag="024" ind2=" " ind1="8">
<subfield code="a">http://hdl.handle.net/10259/4868</subfield>
</datafield>
<datafield tag="024" ind2=" " ind1="8">
<subfield code="a">10.36443/10259/4868</subfield>
</datafield>
<datafield ind1=" " ind2=" " tag="653">
<subfield code="a">Glicerolisis</subfield>
</datafield>
<datafield ind1=" " ind2=" " tag="653">
<subfield code="a">Monoglicéridos</subfield>
</datafield>
<datafield ind1=" " ind2=" " tag="653">
<subfield code="a">Omega-3</subfield>
</datafield>
<datafield ind1=" " ind2=" " tag="653">
<subfield code="a">Lipasas</subfield>
</datafield>
<datafield ind1=" " ind2=" " tag="653">
<subfield code="a">Aceite de sardina</subfield>
</datafield>
<datafield ind1=" " ind2=" " tag="653">
<subfield code="a">Glycerolysis</subfield>
</datafield>
<datafield ind1=" " ind2=" " tag="653">
<subfield code="a">Monoacylglycerides</subfield>
</datafield>
<datafield ind1=" " ind2=" " tag="653">
<subfield code="a">Lipases</subfield>
</datafield>
<datafield ind1=" " ind2=" " tag="653">
<subfield code="a">Sardine oil</subfield>
</datafield>
<datafield tag="245" ind1="0" ind2="0">
<subfield code="a">Production of omega-3 fatty acids acylglycerides by lipase-catalyzed glycerolysis of sardine oil in different reaction media</subfield>
</datafield>
</record></metadata></record></GetRecord></OAI-PMH>